Государственное управление и развитие России: цивилизационные вызовы и национальные интересы. Т. 4 (Запись № 13240376)

Подробности
000 -МАРКЕР
контрольное поле 03079nam2a2200289 4500
001 - ИДЕНТИФИКАТОР ЗАПИСИ
контрольное поле RU\NLR\BIBL_A\022297799
005 - ИДЕНТИФИКАТОР ВЕРСИИ
контрольное поле 20240823165322.0
010 ## - МЕЖДУНАРОДНЫЙ СТАНДАРТНЫЙ НОМЕР КНИГИ (ISBN)
Номер (ISBN) 978-5-907692-78-7
Тираж 500
021 ## - НОМЕР ГОСУДАРСТВЕННОЙ РЕГИСТРАЦИИ
Код страны Российская Федерация
Номер КН-П-24-037637
Номер Листа государственной регистраци КН-П-24-3766
035 ## - ДРУГИЕ СИСТЕМНЫЕ НОМЕРА
Идентификатор записи (NLR Aleph) 022297799
100 ## - ДАННЫЕ ОБЩЕЙ ОБРАБОТКИ
Данные общей обработки 20240813d2024 k y0rusy50 ca
101 0# - ЯЗЫК РЕСУРСА
Язык текста, звукозаписи и т.д. русский
102 ## - СТРАНА ПУБЛИКАЦИИ ИЛИ ПРОИЗВОДСТВА
Страна публикации Российская Федерация
105 ## - ПОЛЕ КОДИРОВАННЫХ ДАННЫХ: ТЕКСТОВЫЕ МАТЕРИАЛЫ, МОНОГРАФИЧЕСКИЕ
Кодированные данные о монографическом текстовом документе y z 100yy
200 0# - ЗАГЛАВИЕ И СВЕДЕНИЯ ОБ ОТВЕТСТВЕННОСТИ
Основное заглавие Т. 4
Сведения, относящиеся к заглавию материалы Круглого стола "Научные школы и социокультурная политика: теоретические исследования и прикладные разработки" и Научно-практической конференци "Система подготовки кадров для организаций культуры, науки и образования", проведенных в рамках Международной конференц-сессии
210 ## - ПУБЛИКАЦИЯ, РАСПРОСТРАНЕНИЕ И ДР.
Дата издания, распространения и т.д. 2024
215 ## - ФИЗИЧЕСКАЯ ХАРАКТЕРИСТИКА
Специфическое обозначение материала и объем 347 с.
320 ## - ПРИМЕЧАНИЯ О НАЛИЧИИ В ДОКУМЕНТЕ БИБЛИОГРАФИИ / УКАЗАТЕЛЯ
Текст примечания Библиогр. в конце ст. и в подстроч. примеч.
461 #0 - УРОВЕНЬ НАБОРА
Встроенное поле 001RU\NLR\BIBL_A\022297788
-- 2001#$aГосударственное управление и развитие России: цивилизационные вызовы и национальные интересы$eсборник статей Конференц-сессии ИГСУ РАНХиГС (15-20 мая 2023 г.)$fРоссийская академия народного хозяйства и государственной службы при Президенте Российской Федерации, Институт государственной службы и управления$vТ. 4
Системный номер (АБИС) связанной записи 13240365
Место публикации Москва
Дата публикации 2024-
Первые сведения об ответственности Российская академия народного хозяйства и государственной службы при Президенте Российской Федерации, Институт государственной службы и управления
Имя издателя, распространителя и т.д. Научный консультант
Сведения, относящиеся к заглавию сборник статей Конференц-сессии ИГСУ РАНХиГС (15-20 мая 2023 г.)
Заглавие Государственное управление и развитие России: цивилизационные вызовы и национальные интересы
Номер тома Т. 4
711 12 - НАИМЕНОВАНИЕ ОРГАНИЗАЦИИ - АЛЬТЕРНАТИВНАЯ ОТВЕТСТВЕННОСТЬ
Начальный элемент ввода "Научные школы и социокультурная политика: теоретические исследования и прикладные разработки", круглый стол
Место проведения временной организации Москва
Дата проведения временной организации 2023
Системный номер авторитетной/нормативной записи 886056
Идентификатор авторитетной/нормативной записи RU\NLR\AUTH\880614205
711 12 - НАИМЕНОВАНИЕ ОРГАНИЗАЦИИ - АЛЬТЕРНАТИВНАЯ ОТВЕТСТВЕННОСТЬ
Начальный элемент ввода "Система подготовки кадров для организаций культуры, науки и образования", научно-практическая конференция
Место проведения временной организации Москва
Дата проведения временной организации 2023
Системный номер авторитетной/нормативной записи 886057
Идентификатор авторитетной/нормативной записи RU\NLR\AUTH\880614206
942 ## - ДОПОЛНИТЕЛЬНЫЕ ЭЛЕМЕНТЫ ЗАПИСИ (АБИС)
Тип экземпляра АБИС Книга
980 ## - КОЛЛЕКЦИЯ
Название коллекции Национальная библиография
Экземпляры
Тип экземпляра Дата поступления Источник поступления Стоимость Библиотека постоянного хранения Библиотека текущего хранения Место хранения Шифр хранения Штрих-код Статус экземпляра
Книга 13.08.2024 Обязательный экземпляр 0.00 РНБ (Московский) РНБ (Московский) Русский книжный фонд: издания с 1957 года 2024-7/3977 1-4660831  
Книга 13.08.2024 Обязательный экземпляр 0.00 РНБ (Московский) РНБ (Московский) Русский книжный фонд: издания с 1957 года 2024-7/3977 1-4660832